Stand Out 3 Standards - Based English

محفوظ في:
التفاصيل البيبلوغرافية
المؤلف الرئيسي: Sabbagh, Staci Lyn
مؤلفون آخرون: Jenkins, Rob
التنسيق: كتاب
اللغة:Undetermined
منشور في: Boston, MA Thomson Learning/Heinle 2002
الوصول للمادة أونلاين:http://lrc.tdmu.edu.vn/opac/search/detail.asp?aID=2&ID=7382
الوسوم: إضافة وسم
لا توجد وسوم, كن أول من يضع وسما على هذه التسجيلة!
Thư viện lưu trữ: Trung tâm Học liệu Trường Đại học Thủ Dầu Một
LEADER 00605nam a2200205Ia 4500
001 TDMU_7382
008 210410s9999 xx 000 0 und d
082 |a 428 
090 |b S100 
100 |a Sabbagh, Staci Lyn 
245 0 |a Stand Out 3 
245 0 |b Standards - Based English 
245 0 |c Staci Lyn Sabbagh, Rob Jenkins 
260 |a Boston, MA 
260 |b Thomson Learning/Heinle 
260 |c 2002 
300 |a xv, 172 p. 
700 |a Jenkins, Rob 
856 |u http://lrc.tdmu.edu.vn/opac/search/detail.asp?aID=2&ID=7382 
980 |a Trung tâm Học liệu Trường Đại học Thủ Dầu Một